Journal of research and contemporary issues in human kinetics and health education (Record no. 38442)
[ view plain ]
| 000 -LEADER | |
|---|---|
| fixed length control field | 00557nam a2200169Ia 4500 |
| 022 ## - INTERNATIONAL STANDARD SERIAL NUMBER | |
| ISSN | 15755648 |
| 050 ## - CALL MARK | |
| Classification number | RA 440.3.N6 .C68/ |
| 245 #0 - TITLE STATEMENT | |
| Title | Journal of research and contemporary issues in human kinetics and health education |
| 260 ## - PUBLICATION, DISTRIBUTION, ETC. (IMPRINT) | |
| Place of publication | Ibadan, Nigeria |
| 260 ## - PUBLICATION, DISTRIBUTION, ETC. (IMPRINT) | |
| Name of publisher | University of Lagos |
| 260 ## - PUBLICATION, DISTRIBUTION, ETC. (IMPRINT) | |
| Year of publication | 2016 |
| 300 ## - PHYSICAL DESCRIPTION | |
| Number of Pages | viii, 87 p. ill. ; 28 cm. |
| 650 ## - SUBJECT ADDED ENTRY--TOPICAL TERM | |
| Topical Term | Health education--Nigeria. Health promotion--Nigeria. Education--Nigeria. Athletics--Nigeria. |
| 942 ## - ADDED ENTRY ELEMENTS (KOHA) | |
| Koha item type | Serials |
No items available.